000 00348nam a2200133Ia 4500
008 230917s9999||||xx |||||||||||||| ||und||
040 _e100859
_aMAIN
041 _aEnglish
082 _a346.086 K167U
100 _aKaushal, Anoop K
245 0 _aUniversal's insusrance law manual
260 _aDelhi
_bUniversal Law Publishing
_c953
942 _cBK
999 _c116491
_d116491